Statistics for Flags of Central America - New Version

Click here to take the quiz!

General Stats

  • This quiz has been taken 35 times
  • The average score is 7 of 7

Answer Stats

Answer% Correct
Costa Rica
97%
Nicaragua
97%
Panama
97%
El Salvador
94%
Guatemala
94%
Honduras
88%
Belize
85%

Score Distribution

Percentile by Number Answered

Percent of People with Each Score

Your Score History

You have not taken this quiz